Wszystkie drużyny które kiedykolwiek grały w Premier League - Statystyki

Ogólne statystyki
  • Ten quiz został rozwiązany 33 razy
  • Średni wynik to 30 z 51
Statystyki odpowiedzi
Druzyna % Poprawnych
Arsenal
100%
Aston Villa
89%
Liverpool
85%
Tottenham Hotspur
85%
Bournemouth
81%
Manchester City
81%
Manchester United
81%
Chelsea
78%
Brentford
74%
Everton
74%
Leicester City
74%
Luton Town
74%
Newcastle United
74%
West Ham United
74%
Crystal Palace
70%
Norwich City
70%
Burnley
67%
Fulham
67%
Sheffield United
67%
Southampton
67%
Birmingham City
63%
Cardiff City
63%
Ipswich Town
63%
Watford
63%
Blackburn Rovers
59%
Derby County
59%
Nottingham Forest
59%
Stoke City
59%
Swansea City
56%
West Bromwich Albion
56%
Brighton & Hove Albion
52%
Leeds United
52%
Middlesbrough
52%
Portsmouth
52%
Sunderland
52%
Hull City
48%
Queens Park Rangers
48%
Sheffield Wednesday
48%
Wolverhampton Wanderers
48%
Bolton Wanderers
44%
Barnsley
41%
Blackpool
41%
Coventry City
41%
Reading
37%
Wigan Athletic
37%
Huddersfield Town
33%
Wimbledon
30%
Charlton Athletic
26%
Bradford City
19%
Oldham Athletic
19%
Swindon Town
19%
Nie znaleziono quizów pasujących do podanych kryteriów
Rozkład punktacji
Procent ludzi z każdym wynikiem
Percentyl według liczby udzielonych odpowiedzi
Twoja historia wyników
Nie rozwiązałeś tego quizu